Tribhuvan University Central Library

Commodity market review 2001-2002 (Record no. 27686)

MARC details
000 -LEADER
fixed length control field 005980000a22002530004500
082 ## - DEWEY DECIMAL CLASSIFICATION NUMBER
Classification number 338.17
Item number F739c
-- UN
020 ## - INTERNATIONAL STANDARD BOOK NUMBER
International Standard Book Number 92-5-104728-6
041 ## - LANGUAGE CODE
Language code of text/sound track or separate title Eng
110 ## - MAIN ENTRY--CORPORATE NAME
Corporate name or jurisdiction name as entry element Food and Agriculture Organization
245 ## - TITLE STATEMENT
Title Commodity market review 2001-2002
260 ## - PUBLICATION, DISTRIBUTION, ETC. (IMPRINT)
Place of publication, distribution, etc Rome
Name of publisher, distributor, etc FAO, IT
260 ## - PUBLICATION, DISTRIBUTION, ETC. (IMPRINT)
Date of publication, distribution, etc 2002
300 ## - PHYSICAL DESCRIPTION
Extent viii, 107p.
500 ## - GENERAL NOTE
General note Include bibliographies
518 ## - DATE/TIME AND PLACE OF AN EVENT NOTE
Date/time and place of an event note 20020917
530 ## - ADDITIONAL PHYSICAL FORM AVAILABLE NOTE
Additional physical form available note M
650 ## - SUBJECT ADDED ENTRY--TOPICAL TERM
Topical term or geographic name as entry element Agricultural economics
650 ## - SUBJECT ADDED ENTRY--TOPICAL TERM
Topical term or geographic name as entry element Agricultural products
650 ## - SUBJECT ADDED ENTRY--TOPICAL TERM
Topical term or geographic name as entry element Livestock
650 ## - SUBJECT ADDED ENTRY--TOPICAL TERM
Topical term or geographic name as entry element Crops
650 ## - SUBJECT ADDED ENTRY--TOPICAL TERM
Topical term or geographic name as entry element Fruits
650 ## - SUBJECT ADDED ENTRY--TOPICAL TERM
Topical term or geographic name as entry element Raw materials
942 ## - ADDED ENTRY ELEMENTS (KOHA)
Koha item type General Collections
Holdings
Withdrawn status Lost status Damaged status Not for loan Home library Current library Date acquired Total Checkouts Barcode Date last seen Price effective from
        Tribhuvan University Central Library Tribhuvan University Central Library 06/20/2010   UN20441 06/20/2010 06/20/2010